[Event "European Blitz 2017"]
[Site "Katowice POL"]
[Date "2017.12.15"]
[Round "18.34"]
[White "Wieczorek, Oskar"]
[Black "Mikhalchishin, Adrian"]
[Result "1/2-1/2"]
[WhiteTitle "IM"]
[BlackTitle "GM"]
[WhiteElo "2463"]
[BlackElo "2479"]
[WhiteFideId "1133950"]
[BlackFideId "14602385"]
[EventDate "2017.12.15"]
[EventType "blitz"]

1. Nc3 d5 2. d4 Nf6 3. Bf4 e6 4. e3 Bd6 5. Bg3 c5 6. Nf3 O-O 7. Ne5 cxd4 8. exd4
Qb6 9. Bd3 Qxb2 10. Nb5 Bb4+ 11. Kf1 Na6 12. Rb1 Qxa2 13. Ra1 Qb2 14. Rb1 Qa2 1/2-1/2

[Event "European Blitz 2017"]
[Site "Katowice POL"]
[Date "2017.12.15"]
[Round "18.35"]
[White "Krzyzanowski, Marcin"]
[Black "Manik, Mikulas"]
[Result "1/2-1/2"]
[WhiteTitle "IM"]
[BlackTitle "GM"]
[WhiteElo "2457"]
[BlackElo "2415"]
[WhiteFideId "1132199"]
[BlackFideId "14900734"]
[EventDate "2017.12.15"]
[EventType "blitz"]

1. d4 Nf6 2. Nc3 d5 3. Bf4 e6 4. e3 Bd6 5. Nf3 c5 6. dxc5 Bxc5 7. Bd3 O-O 8. O-O
Nc6 9. e4 d4 10. Ne2 Nh5 11. e5 Nxf4 12. Nxf4 b6 13. Qe2 Bb7 14. Rad1 Nb4 15.
Be4 Ba6 16. Nd3 Rc8 17. h4 Be7 18. h5 Rxc2 19. Qe1 Bxd3 20. Bxd3 Nxd3 21. Rxd3
Rxb2 22. Rxd4 Qc7 23. Qe4 Qc2 24. Qg4 Qf5 25. Qxf5 exf5 26. Rd7 Bc5 27. Rxa7 Re8
28. g3 f6 29. h6 gxh6 30. exf6 Rf8 31. Ne5 Rxf6 32. Nd3 Rd2 33. Nf4 Rfd6 34. Kg2
Rf6 35. Kf3 Rf7 36. Ra8+ Rf8 37. Ra7 Rf7 38. Ra8+ Rf8 39. Ra7 Rf7 1/2-1/2

[Event "European Blitz 2017"]
[Site "Katowice POL"]
[Date "2017.12.15"]
[Round "18.36"]
[White "Neiksans, Arturs"]
[Black "Ustianovich, Nazar"]
[Result "1-0"]
[WhiteTitle "GM"]
[BlackTitle "FM"]
[WhiteElo "2590"]
[BlackElo "2366"]
[WhiteFideId "11601388"]
[BlackFideId "14109778"]
[EventDate "2017.12.15"]
[EventType "blitz"]

1. b3 d5 2. Bb2 c6 3. Nf3 Nf6 4. g3 Bg4 5. Bg2 g6 6. Ne5 Be6 7. d3 Bg7 8. Nd2
O-O 9. O-O Qc8 10. e3 Bh3 11. Qe2 Bxg2 12. Kxg2 a5 13. a4 Nfd7 14. f4 Nxe5 15.
fxe5 Qe6 16. d4 f6 17. Nf3 Nd7 18. e4 fxe5 19. dxe5 dxe4 20. Ng5 Qd5 21. Rad1
Nxe5 22. Rxd5 cxd5 23. Rxf8+ 1-0

[Event "European Blitz 2017"]
[Site "Katowice POL"]
[Date "2017.12.15"]
[Round "18.37"]
[White "Schneider, Ilja"]
[Black "Sergeev, Vladimir"]
[Result "1/2-1/2"]
[WhiteTitle "IM"]
[BlackTitle "GM"]
[WhiteElo "2517"]
[BlackElo "2406"]
[WhiteFideId "4663306"]
[BlackFideId "14101076"]
[EventDate "2017.12.15"]
[EventType "blitz"]

1. d4 Nf6 2. Bg5 d5 3. e3 c6 4. Nf3 Bg4 5. c4 e6 6. Nc3 Nbd7 7. Bd3 Be7 8. O-O
O-O 9. h3 Bh5 10. Rc1 a6 11. Be2 Re8 12. Nd2 Bg6 13. Re1 Bd6 14. Nf3 h6 15. Bh4
Bh7 16. Bd3 Qb8 17. Bxh7+ Nxh7 18. e4 Bf4 19. Rc2 g5 20. Bg3 Bxg3 21. fxg3 Qxg3
22. cxd5 exd5 23. exd5 Nhf6 24. dxc6 bxc6 25. Rce2 Rxe2 26. Qxe2 Re8 27. Qf2
Rxe1+ 28. Nxe1 Qd6 29. Nf3 Qe6 30. Qf1 Qe3+ 31. Qf2 Qc1+ 32. Kh2 Qf4+ 33. Qg3
Nh5 34. Qxf4 Nxf4 35. Kg1 f6 36. b3 Kf7 37. Kf2 Ke6 38. Ne2 Nd3+ 39. Ke3 Nb4 40.
Nc3 Nb6 41. Ne1 f5 42. a3 N6d5+ 43. Nxd5 Nxd5+ 44. Kd3 f4 45. Ke4 Nf6+ 46. Kd3
Kd5 47. Nc2 a5 48. a4 c5 49. dxc5 Kxc5 50. Na3 Nd5 51. Nc4 Kb4 52. Nd2 h5 53.
Ke4 Ne3 54. g3 Kc3 55. gxf4 gxf4 56. Nf3 Ng2 57. Nd4 h4 58. Nc6 Kxb3 59. Nxa5+
Kxa4 60. Nb7 Kb5 61. Kf3 Ne1+ 62. Kxf4 Kc6 63. Nd8+ Kd7 64. Nf7 Ke6 65. Ng5+ Kf6
66. Ne4+ Kg6 67. Kg4 Ng2 68. Nc5 Kf6 69. Nb3 Kg6 70. Nd2 Kh6 71. Nc4 Kg6 72. Na3
Kf6 73. Nc2 Ke5 74. Kf3 Nf4 75. Kg4 Nxh3 76. Kxh4 1/2-1/2

[Event "European Blitz 2017"]
[Site "Katowice POL"]
[Date "2017.12.15"]
[Round "18.38"]
[White "Valsecchi, Alessio"]
[Black "Sadzikowski, Daniel"]
[Result "1-0"]
[WhiteTitle "IM"]
[BlackTitle "GM"]
[WhiteElo "2501"]
[BlackElo "2584"]
[WhiteFideId "818860"]
[BlackFideId "1132253"]
[EventDate "2017.12.15"]
[EventType "blitz"]

1. d4 Nf6 2. c4 e6 3. Nc3 Bb4 4. e3 O-O 5. Bd3 d5 6. cxd5 exd5 7. Ne2 Re8 8. Bd2
b6 9. Rc1 Bf8 10. O-O Bb7 11. f3 c5 12. Qe1 Nc6 13. Qf2 a6 14. g4 h6 15. Bb1 Bd6
16. Kh1 Qe7 17. Rce1 b5 18. Ng3 Bxg3 19. Qxg3 Rad8 20. Ne2 c4 21. Nf4 b4 22. Rg1
Nh7 23. h4 c3 24. bxc3 bxc3 25. Bxc3 Qa3 26. Bd2 Bc8 27. g5 hxg5 28. Bxh7+ Kxh7
29. Qxg5 Qf8 30. Nxd5 Re6 31. e4 Rh6 32. Be3 Qd6 33. Qxg7# 1-0

[Event "European Blitz 2017"]
[Site "Katowice POL"]
[Date "2017.12.15"]
[Round "18.39"]
[White "Kreisl, Robert"]
[Black "Horton, Andrew P"]
[Result "0-1"]
[WhiteTitle "IM"]
[BlackTitle "FM"]
[WhiteElo "2440"]
[BlackElo "2397"]
[WhiteFideId "1613880"]
[BlackFideId "424269"]
[EventDate "2017.12.15"]
[EventType "blitz"]

1. Nf3 c5 2. c4 g6 3. d4 cxd4 4. Nxd4 Bg7 5. e4 Nc6 6. Be3 d6 7. Nc3 Nf6 8. Be2
Nxd4 9. Bxd4 O-O 10. O-O Be6 11. b3 Qa5 12. f4 Rfc8 13. Bf3 Rab8 14. Kh1 a6 15.
e5 Ne8 16. exd6 Bxd4 17. Qxd4 Nxd6 18. Nd5 Bxd5 19. Bxd5 Nf5 20. Qe5 e6 21. Be4
Qxe5 22. fxe5 Rc5 23. Bxf5 gxf5 24. Rfe1 Rd8 25. Kg1 b5 26. cxb5 axb5 27. a4
bxa4 28. bxa4 Ra8 29. Ra3 Rca5 30. Rg3+ Kf8 31. Rh3 Kg7 32. Rg3+ Kh8 33. h3 Rxa4
34. Kh2 Ra3 35. Rg5 h6 36. Rh5 Kg7 37. Rd1 R8a4 38. g4 fxg4 39. hxg4 Rxg4 40.
Rh3 Rxh3+ 41. Kxh3 Re4 42. Kg3 Rxe5 43. Kf4 Rf5+ 44. Kg4 Kg6 45. Rd8 Rg5+ 46.
Kf4 Kf6 47. Rh8 Rg6 48. Rh7 e5+ 49. Ke4 Ke6 50. Rh8 f5+ 51. Kf3 Kf6 52. Re8 Rg7
53. Rh8 Kg5 54. Re8 e4+ 55. Ke3 Rd7 56. Rg8+ Kf6 57. Kf4 Rd3 58. Rf8+ Kg6 59.
Rg8+ Kf7 60. Rh8 Rf3+ 61. Ke5 Kg6 62. Ra8 e3 63. Ra3 e2 0-1

[Event "European Blitz 2017"]
[Site "Katowice POL"]
[Date "2017.12.15"]
[Round "18.40"]
[White "Sakalauskas, Vaidas"]
[Black "Polivanov, Anatoliy"]
[Result "0-1"]
[WhiteTitle "IM"]
[BlackTitle "IM"]
[WhiteElo "2351"]
[BlackElo "2383"]
[WhiteFideId "12800457"]
[BlackFideId "14109468"]
[EventDate "2017.12.15"]
[EventType "blitz"]

1. d4 Nf6 2. c4 e6 3. Nc3 Bb4 4. Qc2 b6 5. e4 c5 6. a3 Bxc3+ 7. bxc3 cxd4 8.
cxd4 Bb7 9. Bd3 Nc6 10. Ne2 e5 11. d5 Ne7 12. O-O Ng6 13. f4 exf4 14. Bxf4 d6
15. Nd4 Bc8 16. Nc6 Qc7 17. Rae1 O-O 18. e5 dxe5 19. Nxe5 Nxf4 20. Rxf4 Re8 21.
Qc3 Ng4 22. Rxf7 Qc5+ 23. Kh1 Nxe5 24. Rxg7+ Kxg7 25. Rxe5 Rxe5 26. Qxe5+ Kf7
27. Qf4+ Ke8 28. Bxh7 Bd7 29. Qf6 Qe7 30. Qh8+ Kf7 31. Qc3 Qf6 32. Qd3 Qa1+ 0-1

[Event "European Blitz 2017"]
[Site "Katowice POL"]
[Date "2017.12.15"]
[Round "18.41"]
[White "Saraci, Nderim"]
[Black "Janik, Igor"]
[Result "1-0"]
[WhiteTitle "FM"]
[BlackTitle "FM"]
[WhiteElo "2398"]
[BlackElo "2413"]
[WhiteFideId "6351921"]
[BlackFideId "1159259"]
[EventDate "2017.12.15"]
[EventType "blitz"]

1. d4 d6 2. c4 e5 3. Nc3 exd4 4. Qxd4 Nf6 5. Nf3 g6 6. Bf4 Bg7 7. Qd2 O-O 8. Bh6
Na6 9. Bxg7 Kxg7 10. e3 Nc5 11. Be2 Bf5 12. Nd4 Be4 13. f3 Bc6 14. O-O-O Ne6 15.
e4 Nd7 16. Nc2 Qf6 17. h4 a6 18. h5 g5 19. Ne3 h6 20. g3 b5 21. Ng4 Qe7 22. Nd5
Bxd5 23. cxd5 Nec5 24. Ne3 Qf6 25. Nf5+ Kh7 26. Kb1 Ne5 27. Rc1 Rab8 28. Qc3 b4
29. Qd4 Ned7 30. Qd2 Rfe8 31. Rhd1 a5 32. Qd4 Qxd4 33. Rxd4 g4 34. fxg4 Rb7 35.
Rf1 f6 36. Bd1 Rbb8 37. Rf4 Ne5 38. Nh4 Rf8 39. Ng2 Rbe8 40. Ne3 Rg8 41. Rxf6
Ref8 42. Rf4 Ned3 43. Nf5 Nxf4 44. gxf4 Re8 45. Bf3 Rgf8 46. Kc2 Rf7 47. Kd2 Nd7
48. Rc4 Nb6 49. Rc6 Rd8 50. b3 a4 51. Ke3 Rfd7 52. Be2 axb3 53. axb3 Ra8 54. Bd3
Ra3 55. Nd4 Re7 56. Kf3 Ra1 57. e5+ Kh8 58. exd6 cxd6 59. Rxb6 Rd1 60. Rb8+ Kg7
61. Nf5+ 1-0

[Event "European Blitz 2017"]
[Site "Katowice POL"]
[Date "2017.12.15"]
[Round "18.42"]
[White "Rocha, Sergio"]
[Black "Piotrowski, Przemyslaw"]
[Result "1-0"]
[WhiteTitle "IM"]
[WhiteElo "2370"]
[BlackElo "2314"]
[WhiteFideId "1900404"]
[BlackFideId "1127063"]
[EventDate "2017.12.15"]
[EventType "blitz"]

1. Nf3 Nf6 2. c4 g6 3. g3 Bg7 4. Bg2 O-O 5. O-O c5 6. Nc3 Nc6 7. d4 d6 8. d5 Na5
9. Nd2 a6 10. Qc2 Rb8 11. b3 b5 12. Rb1 e5 13. Bb2 Nh5 14. Qd3 b4 15. Nd1 f5 16.
f4 exf4 17. gxf4 Qh4 18. Bxg7 Kxg7 19. e3 Bd7 20. Nf3 Qe7 21. Rb2 Rbe8 22. Re2
Nf6 23. Nf2 Ne4 24. Qc2 Nc3 25. Ree1 Nb7 26. Nd1 Ne4 27. Nf2 Nc3 28. Kh1 Nd8 29.
Rg1 Nf7 30. Qb2 Kg8 31. Nd2 Nh6 32. Bf3 Qh4 33. Rg3 Ng4 34. Nxg4 fxg4 35. Bg2
Re7 36. Rf1 Bf5 37. Rf2 Rfe8 38. Nf1 Be4 39. Kg1 Nd1 40. Qd2 Nxf2 41. Kxf2 Bxg2
42. Kxg2 h5 43. Qb2 Kf7 44. a3 bxa3 45. Qxa3 Qf6 46. Qxa6 Qf5 47. h3 gxh3+ 48.
Rxh3 Qg4+ 49. Rg3 Qe2+ 50. Kg1 Rd8 51. Qa1 Rb8 52. Qb1 Rg8 53. Rg2 Qf3 54. Rg3
Qe4 55. Qb2 h4 56. Rg2 Qf3 57. Rf2 Qd1 58. Rg2 Rxe3 59. Qd2 Re1 60. Qxd1 Rxd1
61. Re2 h3 62. Kf2 Rh8 63. Nh2 Rh1 64. Kg3 Rg1+ 65. Kf3 Rb1 66. Kg4 Rxb3 67. Ra2
Rb2 68. Rxb2 Re8 69. Kg5 Re3 70. Rb7+ Ke8 71. Rh7 Rc3 72. Kxg6 Rxc4 73. f5 Rc2
74. Ng4 Rg2 75. Kg5 c4 76. Rxh3 Rg1 77. Rc3 Kf7 78. Rxc4 Kg7 79. Rc7+ Kg8 80.
Rd7 Kf8 81. Rxd6 Ke7 82. Re6+ Kf7 83. Rc6 Rd1 84. Ne5+ Ke7 85. f6+ Kd8 86. Kf5
Rf1+ 87. Ke6 Re1 88. Ra6 Re2 89. Ra8+ Kc7 90. f7 1-0

[Event "European Blitz 2017"]
[Site "Katowice POL"]
[Date "2017.12.15"]
[Round "18.43"]
[White "Kahleys, Kevin"]
[Black "Rodshtein, Maxim"]
[Result "0-1"]
[BlackTitle "GM"]
[WhiteElo "2195"]
[BlackElo "2699"]
[WhiteFideId "24669601"]
[BlackFideId "2806851"]
[EventDate "2017.12.15"]
[EventType "blitz"]

1. d4 d5 2. Nf3 Nf6 3. g3 c6 4. Bg2 Bf5 5. O-O e6 6. a4 Nbd7 7. a5 Bd6 8. c4 a6
9. Nc3 h6 10. Qb3 Rb8 11. Bf4 Bxf4 12. gxf4 O-O 13. Rfc1 Ne4 14. Qd1 f6 15. Nd2
Nd6 16. b3 Qe7 17. e3 Rbe8 18. Qh5 Kh7 19. Nf3 g6 20. Qh4 g5 21. fxg5 fxg5 22.
Qg3 Ne4 23. Nxe4 Bxe4 24. Ne5 Bxg2 25. Kxg2 Nxe5 26. Qxe5 Rf5 27. Qg3 Ref8 28.
Ra2 Qb4 29. cxd5 exd5 30. Rb1 Qe7 31. Qg4 Kg6 32. Rbb2 h5 33. Qg3 Qe4+ 34. Kg1
Rf3 35. Qd6+ R8f6 36. Qd7 R3f5 37. Rd2 h4 38. Qc8 Qg4+ 39. Kf1 Rxf2+ 40. Rxf2
Qxc8 41. Rxf6+ Kxf6 42. Rf2+ Kg6 43. Ke2 Qg4+ 44. Kd2 Qe4 45. b4 g4 46. Rf4 Qg2+
47. Kc3 h3 0-1

[Event "European Blitz 2017"]
[Site "Katowice POL"]
[Date "2017.12.15"]
[Round "18.44"]
[White "Tuomainen, Felix"]
[Black "Sammalvuo, Tapani"]
[Result "0-1"]
[WhiteTitle "FM"]
[BlackTitle "IM"]
[WhiteElo "2174"]
[BlackElo "2416"]
[WhiteFideId "1720813"]
[BlackFideId "501115"]
[EventDate "2017.12.15"]
[EventType "blitz"]

1. d4 Nf6 2. c4 e6 3. Nc3 Bb4 4. Qc2 c5 5. dxc5 O-O 6. Nf3 Na6 7. g3 Nxc5 8. Bg2
Nce4 9. O-O Bxc3 10. bxc3 d6 11. Nd2 Nc5 12. e4 Bd7 13. Nb3 Ba4 14. Rd1 Qc7 15.
Bg5 Ncd7 16. Qd3 Ne5 17. Qxd6 Qxd6 18. Rxd6 Nxc4 19. Rd4 Nb6 20. e5 Nfd5 21. c4
Nb4 22. Bxb7 Rab8 23. Be4 Rfc8 24. Be7 Nxa2 25. Nc5 Nc3 26. Nxa4 Ne2+ 27. Kg2
Nxd4 28. Nxb6 Rxb6 29. c5 Rb4 30. Bd3 Nc6 31. Bd6 a5 32. Be2 a4 33. Bf3 g5 34.
h3 Kg7 35. Bd1 Ra8 36. Bf3 Ra6 37. Be2 Ra5 38. Bf3 Nd4 39. c6 Rc4 40. c7 Nxf3
41. Kxf3 a3 42. Ke2 a2 43. Kd3 Rc6 44. f3 Kg6 45. f4 gxf4 46. gxf4 Kf5 47. h4
Ra8 0-1

[Event "European Blitz 2017"]
[Site "Katowice POL"]
[Date "2017.12.15"]
[Round "18.45"]
[White "Lewtak, Damian"]
[Black "Alekseev, Evgeny"]
[Result "1-0"]
[BlackTitle "GM"]
[WhiteElo "2358"]
[BlackElo "2616"]
[WhiteFideId "1141724"]
[BlackFideId "4138147"]
[EventDate "2017.12.15"]
[EventType "blitz"]

1. e4 c5 2. Nf3 e6 3. d3 Nc6 4. g3 Nf6 5. Bg2 Be7 6. O-O O-O 7. Qe2 e5 8. Nc3 d6
9. Nd5 Nxd5 10. exd5 Nb8 11. h4 Bg4 12. Qd2 Qd7 13. Nh2 Bh3 14. Qe2 Bxg2 15.
Kxg2 Na6 16. c3 Rae8 17. a4 Bd8 18. a5 f5 19. Bg5 Bc7 20. h5 f4 21. gxf4 exf4
22. Qf3 Qf5 23. Bh4 Re5 24. Ng4 Rxd5 25. Rad1 Qxh5 26. Rh1 Rf7 27. Rde1 Qf5 28.
Rhg1 Rxd3 29. Nh6+ gxh6 30. Re8+ Rf8 31. Kh2+ Kh8 32. Qxd3 Qf7 33. Rxf8+ Qxf8
34. Qe4 d5 35. Qe6 1-0

[Event "European Blitz 2017"]
[Site "Katowice POL"]
[Date "2017.12.15"]
[Round "18.47"]
[White "Reza, Wojciech"]
[Black "Tregubov, Pavel V."]
[Result "1/2-1/2"]
[BlackTitle "GM"]
[WhiteElo "2283"]
[BlackElo "2575"]
[WhiteFideId "1151967"]
[BlackFideId "4115341"]
[EventDate "2017.12.15"]
[EventType "blitz"]

1. e4 c5 2. Nf3 e6 3. b3 Nc6 4. Bb2 a6 5. c4 Nf6 6. e5 Ng4 7. g3 Be7 8. Bh3 Nh6
9. O-O O-O 10. Nc3 f6 11. Ne4 fxe5 12. Nxe5 Nd4 13. Bxd4 cxd4 14. f4 d6 15. Nd3
Nf5 16. Qe2 b5 17. c5 dxc5 18. Nexc5 Qb6 19. Rac1 Ra7 20. b4 a5 21. a3 Bf6 22.
Rfe1 axb4 23. axb4 Re7 24. Ne5 Nd6 25. Ra1 Rfe8 26. Ra8 Kh8 27. Qh5 Bxe5 28.
Qxe5 d3 29. Qc3 Nb7 30. Re5 Nxc5 31. Qxc5 Qxc5+ 32. Rxc5 Bb7 33. Rxe8+ Rxe8 34.
Rxb5 Bd5 35. Bg2 Bxg2 36. Kxg2 Kg8 37. Kf3 Kf7 38. Ke4 Rd8 39. Rb7+ Kf6 40. Rc7
h5 41. Rc4 g5 42. Rd4 Ra8 43. Kxd3 gxf4 44. Rxf4+ Ke5 45. Rh4 Ra3+ 46. Ke2 Rb3
47. Rxh5+ Kd4 48. b5 e5 49. Rg5 Rxb5 50. h4 Rb2 51. Rg8 e4 52. Rd8+ Ke5 53. Rf8
Rb3 54. Rg8 Rb1 55. h5 Rh1 56. g4 Kf4 57. Rg6 Rh2+ 58. Kd1 Rh1+ 59. Kc2 Rh2 60.
Kc3 Rh3+ 61. Kc4 Rh2 62. h6 Rxd2 63. h7 Rh2 64. Rg7 e3 65. Kd3 Rd2+ 66. Kc3 Rh2
67. Kd3 Rd2+ 68. Kc3 Rh2 69. Kd3 1/2-1/2

[Event "European Blitz 2017"]
[Site "Katowice POL"]
[Date "2017.12.15"]
[Round "18.48"]
[White "Lach, Aleksandra"]
[Black "Ladva, Ottomar"]
[Result "1/2-1/2"]
[WhiteTitle "WIM"]
[BlackTitle "GM"]
[WhiteElo "2209"]
[BlackElo "2522"]
[WhiteFideId "1134299"]
[BlackFideId "4500024"]
[EventDate "2017.12.15"]
[EventType "blitz"]

1. e4 g6 2. d4 Bg7 3. Nc3 d6 4. f4 a6 5. a4 b6 6. Be2 Bb7 7. Bf3 e5 8. dxe5 dxe5
9. Qxd8+ Kxd8 10. f5 Ke7 11. Bg5+ Bf6 12. h4 h6 13. Be3 Nd7 14. O-O-O Bg7 15. g4
Ngf6 16. g5 hxg5 17. hxg5 Rxh1 18. gxf6+ Nxf6 19. Bxh1 gxf5 20. Bg5 f4 21. Nd5+
Bxd5 22. exd5 Kd6 23. Ne2 Nd7 24. Be4 Rf8 25. Bf5 Bf6 26. Bxf6 Nxf6 27. c4 Rg8
28. b4 e4 29. Nxf4 Ke5 30. Bxe4 Nxe4 31. Nd3+ Kd4 32. c5 Kc3 33. cxb6 cxb6 34.
Ne5 Nd6 35. Rf1 Kxb4 36. Rf4+ Kc5 37. Nd7+ Kxd5 38. Nxb6+ Ke5 39. Rf1 f5 40.
Nd7+ Kd4 41. Rd1+ Ke3 42. Rxd6 f4 43. Rf6 f3 44. Ne5 Rg3 45. Nxf3 Rxf3 46. Rxa6
Kd4 47. Kb2 Kc5 1/2-1/2

[Event "European Blitz 2017"]
[Site "Katowice POL"]
[Date "2017.12.15"]
[Round "18.49"]
[White "Feuerstack, Aljoscha"]
[Black "Sabuk, Piotr"]
[Result "1/2-1/2"]
[WhiteTitle "IM"]
[BlackTitle "IM"]
[WhiteElo "2438"]
[BlackElo "2382"]
[WhiteFideId "4681932"]
[BlackFideId "1137565"]
[EventDate "2017.12.15"]
[EventType "blitz"]

1. e4 d6 2. d4 Nf6 3. Bd3 e5 4. c3 Nc6 5. Nf3 g6 6. h3 Bg7 7. O-O O-O 8. Re1 Re8
9. Na3 h6 10. Nc2 d5 11. exd5 Nxd5 12. dxe5 Nxe5 13. Nxe5 Rxe5 14. Rxe5 Bxe5 15.
Bxh6 Qh4 16. Bd2 Bxh3 17. Qf3 Bg4 18. g3 Qh5 19. Qh1 Qxh1+ 20. Kxh1 Bf3+ 21. Kg1
Rd8 22. Re1 Bf6 23. Be4 Bxe4 24. Rxe4 Nb6 25. Bf4 c6 26. Kf1 Rd1+ 27. Re1 Rxe1+
28. Kxe1 Nc4 29. Bc1 Kf8 30. Ne3 Nxe3 31. Bxe3 a6 32. Kd2 Ke7 33. Kd3 Ke6 34.
Ke4 Be7 35. g4 f5+ 36. gxf5+ gxf5+ 37. Kd3 Bf6 38. b3 Be5 39. c4 b5 40. cxb5
cxb5 41. a4 Kd5 42. axb5 axb5 43. f3 Bf6 44. Bf2 Be5 45. Be3 Bd6 1/2-1/2

[Event "European Blitz 2017"]
[Site "Katowice POL"]
[Date "2017.12.15"]
[Round "18.50"]
[White "Szadkowski, Kamil"]
[Black "Krejci, Jan2"]
[Result "1-0"]
[BlackTitle "GM"]
[WhiteElo "2291"]
[BlackElo "2570"]
[WhiteFideId "1123203"]
[BlackFideId "322156"]
[EventDate "2017.12.15"]
[EventType "blitz"]

1. e4 e5 2. Nf3 Nc6 3. Bb5 a6 4. Ba4 Nf6 5. d4 exd4 6. O-O Be7 7. Re1 b5 8. e5
Nxe5 9. Rxe5 bxa4 10. Nxd4 O-O 11. Nf5 Re8 12. Bg5 d6 13. Nxe7+ Rxe7 14. Bxf6
gxf6 15. Rxe7 Qxe7 16. Nc3 Bf5 17. Qf3 Re8 18. h3 Bxc2 19. Nd5 Qe5 20. Nxf6+ Kg7
21. Nxe8+ Qxe8 22. Qc3+ 1-0

[Event "European Blitz 2017"]
[Site "Katowice POL"]
[Date "2017.12.15"]
[Round "18.51"]
[White "Stocek, Jiri"]
[Black "Tokranovs, Dmitrijs"]
[Result "1-0"]
[WhiteTitle "GM"]
[BlackTitle "FM"]
[WhiteElo "2566"]
[BlackElo "2348"]
[WhiteFideId "304760"]
[BlackFideId "11603011"]
[EventDate "2017.12.15"]
[EventType "blitz"]

1. d4 Nf6 2. Nf3 e6 3. Bf4 b6 4. e3 Bb7 5. h3 Be7 6. c4 O-O 7. Nc3 d5 8. Rc1
Nbd7 9. cxd5 exd5 10. Bd3 c5 11. O-O Ne4 12. dxc5 Ndxc5 13. Nd4 Bf6 14. Nce2 Rc8
15. b4 Nxd3 16. Qxd3 Qd7 17. Ng3 Qa4 18. a3 Ba6 19. b5 Bb7 20. Ngf5 a6 21. f3
Nc5 22. Qd1 axb5 23. Nd6 Ra8 24. Nxb7 Nxb7 25. Qxa4 bxa4 26. Rc6 Nc5 27. Rxb6
Bxd4 28. exd4 Ne6 29. Be5 Rfe8 30. Rd1 Rec8 31. Rb5 Rd8 32. g4 f6 33. Bg3 Rd7
34. Rb4 Rda7 35. Rc1 Kf7 36. Rc6 Rd8 37. Bb8 Ra8 38. Rb7+ Kg6 39. Rxe6 Raxb8 40.
Rxb8 Rxb8 41. Ra6 Rb1+ 42. Kf2 Rb2+ 43. Kg3 Rd2 44. Rxa4 Rd3 45. Kf2 h5 46. Ke2
Rb3 47. Ra5 h4 48. a4 Rb2+ 49. Ke3 Rh2 50. Rxd5 Rxh3 51. Rh5 Rh1 52. a5 h3 53.
Kf2 Rd1 54. d5 Ra1 55. d6 Kf7 56. Kg3 Ke6 57. Rd5 Kxd5 58. d7 Rg1+ 59. Kh2 Rg2+
60. Kxh3 1-0

[Event "European Blitz 2017"]
[Site "Katowice POL"]
[Date "2017.12.15"]
[Round "18.52"]
[White "Gdanski, Jacek"]
[Black "Narva, Mai"]
[Result "1-0"]
[WhiteTitle "GM"]
[BlackTitle "WIM"]
[WhiteElo "2458"]
[BlackElo "2211"]
[WhiteFideId "1100106"]
[BlackFideId "4500512"]
[EventDate "2017.12.15"]
[EventType "blitz"]

1. e4 c5 2. Nc3 a6 3. g3 b5 4. Bg2 Bb7 5. Nge2 e6 6. O-O d5 7. exd5 exd5 8. d4
c4 9. Nf4 Nf6 10. Nh5 Ne4 11. Re1 g6 12. Nf4 Be7 13. Ncxd5 f5 14. Nxe7 Qxe7 15.
f3 g5 16. fxe4 fxe4 17. d5 Qc5+ 18. Be3 Qd6 19. Qh5+ 1-0

[Event "European Blitz 2017"]
[Site "Katowice POL"]
[Date "2017.12.15"]
[Round "18.53"]
[White "Polzin, Rainer"]
[Black "Shubin, Kirill"]
[Result "0-1"]
[WhiteTitle "GM"]
[BlackTitle "FM"]
[WhiteElo "2404"]
[BlackElo "2287"]
[WhiteFideId "4610741"]
[BlackFideId "34119962"]
[EventDate "2017.12.15"]
[EventType "blitz"]

1. e4 e6 2. d4 d5 3. Nc3 Bb4 4. exd5 exd5 5. Bd3 c6 6. h3 Ne7 7. Qh5 Nd7 8. Bg5
Qa5 9. Ne2 Ng6 10. O-O O-O 11. Rae1 h6 12. Bd2 Nf6 13. Qf3 Bd6 14. Nf4 Nh4 15.
Qd1 Qc7 16. Nh5 Nxh5 17. Qxh5 Ng6 18. Re2 Nf4 19. Bxf4 Bxf4 20. Rfe1 Bg5 21. Qf3
Bd7 22. Bf5 Bxf5 23. Qxf5 Bf6 24. Qg4 Qb6 25. Nd1 Qxd4 26. Qxd4 Bxd4 27. Re7
Rab8 28. Rd7 Rfe8 29. Kf1 Rxe1+ 30. Kxe1 Kf8 31. c3 Bb6 32. Ne3 Ke8 33. Rd6 Bc7 0-1

[Event "European Blitz 2017"]
[Site "Katowice POL"]
[Date "2017.12.15"]
[Round "18.54"]
[White "Kowalczyk, Rafal"]
[Black "Kanarek, Marcel"]
[Result "1-0"]
[BlackTitle "GM"]
[WhiteElo "2223"]
[BlackElo "2505"]
[WhiteFideId "1133853"]
[BlackFideId "1126822"]
[EventDate "2017.12.15"]
[EventType "blitz"]

1. e4 c5 2. c3 d5 3. exd5 Qxd5 4. d4 Nc6 5. dxc5 Qxd1+ 6. Kxd1 Nf6 7. b4 a5 8.
Bb5 Bf5 9. Bd2 g6 10. Nf3 Bg7 11. Nd4 Bd7 12. Bxc6 bxc6 13. a3 axb4 14. cxb4 Nd5
15. Be3 Nxb4 16. Nd2 Nd3 17. N2b3 Nb2+ 18. Ke2 Nc4 19. Rhc1 Nxe3 20. fxe3 e5 21.
Nc2 Be6 22. Nd2 f5 23. Rab1 O-O-O 24. Rb6 Kc7 25. Nb4 Kc8 26. Rxc6+ Kd7 27. Rd6+
Ke7 28. Nc6+ Kf6 29. Nxd8 1-0

[Event "European Blitz 2017"]
[Site "Katowice POL"]
[Date "2017.12.15"]
[Round "18.55"]
[White "Kiratzopoulos, Efthimios"]
[Black "Pultinevicius, Paulius"]
[Result "0-1"]
[BlackTitle "IM"]
[WhiteElo "2204"]
[BlackElo "2371"]
[WhiteFideId "4207629"]
[BlackFideId "12809390"]
[EventDate "2017.12.15"]
[EventType "blitz"]

1. d4 Nf6 2. Nf3 g6 3. Bg5 Bg7 4. Nbd2 d5 5. e3 O-O 6. Bd3 c5 7. c3 Qb6 8. Qb3
Qc7 9. Qd1 Nbd7 10. Qe2 e5 11. dxe5 Nxe5 12. Nxe5 Qxe5 13. Nf3 Qc7 14. O-O Re8
15. h3 Ne4 16. Bf4 Qe7 17. Rfd1 Be6 18. Bxe4 dxe4 19. Ng5 Bf5 20. g4 Bc8 21. f3
exf3 22. Nxf3 b6 23. Rf1 Bb7 24. Rf2 Qe4 25. Raf1 Rad8 26. Kh2 Qa4 27. Ng5 Ba6
28. Qf3 f6 29. b3 Qd7 30. Ne4 Bb7 31. Nxf6+ Bxf6 32. Qg3 Bg7 33. Bc7 Qxc7 34.
Qxc7 Be5+ 35. Qxe5 Rxe5 36. Rf7 Rd2+ 37. Kg3 Rg2+ 38. Kh4 Rh5+ 39. gxh5 g5# 0-1